Spiritual values and business management / (Record no. 41077)

MARC details
000 -LEADER
fixed length control field 00718nam a22002174a 4500
005 - DATE AND TIME OF LATEST TRANSACTION
control field 2010081100240.0
010 ## - LCCN (DPL NO)
LC control number ENG-99512
020 ## - INTERNATIONAL STANDARD BOOK NUMBER
Terms of availability 75.00
International Standard Book Number 9788190752510
035 ## - SYSTEM CONTROL NUMBER
System control number EN-83044
037 ## - SOURCE OF ACQUISITION
Source of stock number/acquisition DBAD/PUB
082 ## - DEWEY DECIMAL CLASSIFICATION NUMBER
Classification number 658
100 ## - MAIN ENTRY--PERSONAL NAME
Personal name A. Dhanalakshmi
245 ## - TITLE STATEMENT
Title Spiritual values and business management /
Statement of responsibility, etc by A. Dhanalakshmi
260 ## - PUBLICATION, DISTRIBUTION, ETC. (IMPRINT)
Place of publication, distribution, etc Chennai
Name of publisher, distributor, etc Ozone Books
Date of publication, distribution, etc 2008
270 ## - ADDRESS
City Chennai
Address 138, Sayee Nagar 3rd Street, Virugambakkam
Postal code 600092
300 ## - PHYSICAL DESCRIPTION
Extent 176 p.
Dimensions 22cm (Pbk)
500 ## - GENERAL NOTE
General note Includes bibliographical references
700 ## - ADDED ENTRY--PERSONAL NAME
9 (RLIN) 10698
942 ## - ADDED ENTRY ELEMENTS (KOHA)
Source of classification or shelving scheme Dewey Decimal Classification
Item type English Books
Call number suffix ADH
Classification part 658
Holdings
Withdrawn status Lost status Not for loan Collection code Home library Current library Date acquired Cost, normal purchase price Full call number Barcode Copy number Cost, replacement price Koha item type
    Not For Loan Non-fiction D.B.Act.Division D.B.Act.Division 11/08/2010 75.00 658 ADH EN-83044 1 75.00 English Books

© Delhi Public Library
Hit Counter
free hit counter